000 00760nam a22001817a 4500
005 20120309121448.0
020 _c185.00
_a
035 _aA-836122
037 _b
_adpl
082 _a250
100 _aमहाप्रज्ञ, युवाचार्य
_943637
245 1 _aसूयगडो 1 /
_cयुवाचार्य महाप्रज्ञ
260 _aलाड़नूं
_bजैन विश्व भारती प्रकाशन
_c1984
270 _a
_b
_e
_k
300 _a661पृ.
_c25सेमी (अजिल्द)
942 _adpl
_cHN
_k
_2ddc
_h240
_mमहाप्र
999 _c63890
_d63890